VfL Wolfsburg Frauen Kader 22/23 - Statistiken

Allgemein
  • Dieses Quiz wurde 384 mal gespielt
    276 seit der letzten Aktualisierung
  • Das Durchschnittsergebnis liegt bei 19 aus 25
Antwortstatistiken
# Nation Position Antwort % Korrekt
11 Deutschland Angriff Alexandra Popp
98%
1 Deutschland Tor Merle Frohms
97%
5 Deutschland Mittelfeld Lena Oberdorf
95%
31 Deutschland Abwehr Marina Hegering
90%
9 Polen Angriff Ewa Pajor
89%
29 Deutschland Mittelfeld Jule Brand
89%
6 Niederlande Abwehr Dominique Janssen
88%
2 Niederlande Abwehr Lynn Wilms
88%
10 Deutschland Mittelfeld Svenja Huth
87%
13 Deutschland Abwehr Felicitas Rauch
86%
4 Deutschland Abwehr Kathy Hendrich
86%
23 Island Mittelfeld Sveindis Jonsdottir
82%
14 Niederlande Mittelfeld Jill Roord
80%
8 Deutschland Mittelfeld Lena Lattwein
79%
Deutschland Trainer Tommy Stroot
79%
21 Schweden Angriff Rebecka Blomqvist
75%
28 Deutschland Angriff Tabea Waßmuth
71%
7 Deutschland Angriff Pauline Bremer
64%
3 Slowenien Abwehr Sara Agrez
61%
30 Deutschland Tor Lisa Weiss
60%
20 Deutschland Mittelfeld Pia-Sophie Wolter
57%
24 Deutschland Abwehr Joelle Wedemeyer
54%
12 Deutschland Tor Julia Kassen
51%
17 Deutschland Mittelfeld Kristin Demann
37%
77 Polen Tor Katarzyna Kiedrzynek
27%
Keine übereinstimmenden Quizze gefunden
Verteilung der Resultate
Anzahl Personen mit jedem Resultat
Perzentil nach korrekt beantworteten Fragen
Ihre Resultats-Entwicklung
Sie haben dieses Quiz seit der letzten Aktualisierung nicht gespielt